00322pab a2200133 454500008004000000100001900040245004500059260000900104300001300113362000800126650001400134650002100148773001900169180718b2003 xxu||||| |||| 00| 0 eng d aSinha, Mridula aCondensed courses of education for women c2003 ap.36-37. aNov aEducation aWomens education aSocial Welfare